00783nas a2200229Ia 4500001001100000003000900011008004100020040001300061040001300074041001300087100004700100210002000147222002000167245008800187250001100275260002800286501008600314300001700400362004300417500005700460650003600517R012/42599IT-RoPAU151124c99999999xx |||||||||||| ||und|| aIT-RoPAU cIT-RoPAU aITALIANO aGrosoli FabriziogCodice Aut. SPICS: 5776 aCINEMA & CINEMA aCinema & Cinema aCINEMA & CINEMA, ANNO 10-N.37 (OTTOBRE-DICEMBRE 1983)bTerritorio di Raul Ruiz (Il) a1a ed. aVENEZIAbMARSILIOc1983 bPaulus - SPICS - Società San Paolo EM (non-commercial uses only)cCopyright2015 a2 p. [60-61] aANNO 010, N.37 (OTTOBRE-DICEMBRE 1983) aDall'Avventura, al Sogno e Alla Fiaba. Film di Mare. aCINEMAvPUBBLICAZIONE PERIODICA